Most Expensive Transfers - Statistics

General Stats
  • This quiz has been taken 17 times
  • The average score is 19 of 40
Answer Stats
Transfer Fee Year Answer % Correct
€100 2018 Cristiano Ronaldo
100%
€94 2009 Cristiano Ronaldo
100%
€222 2017 Neymar
93%
€100 2013 Gareth Bale
79%
€135 2018 Kylian Mbappé
79%
€100 2019 Eden Hazard
71%
€82.3 2014 Luis Suárez
71%
€69.5 2009 Zlatan Ibrahimović
71%
€77.5 2001 Zinedine Zidane
64%
€120 2019 Antoine Griezmann
57%
€126 2019 João Félix
57%
€105 2017 Ousmane Dembélé
57%
€75.6 2014 Ángel Di María
50%
€64 2015 Ángel Di María
50%
€87 2019 Harry Maguire
50%
€84.5 2018 Virgil van Dijk
50%
€75 2015 Kevin De Bruyne
43%
€80 2019 Nicolas Pépé
43%
€105 2016 Paul Pogba
43%
€120 2018 Philippe Coutinho
43%
€62.5 2015 Raheem Sterling
43%
€70 2019 Rodri
43%
€85 2017 Romelu Lukaku
43%
€80 2019 Romelu Lukaku
43%
€62.5 2018 Alisson
36%
€90 2016 Gonzalo Higuaín
36%
€67 2009 Kaká
36%
€63.7 2018 Pierre-Emerick Aubameyang
36%
€67.8 2018 Riyad Mahrez
36%
€65.5 2017 Álvaro Morata
29%
€64.5 2013 Edinson Cavani
29%
€75 2019 Frenkie de Jong
29%
€80 2018 Kepa Arrizabalaga
29%
€70 2018 Thomas Lemar
29%
€65.2 2018 Aymeric Laporte
21%
€76 2013 James Rodríguez
21%
€80 2019 Lucas Hernandez
21%
€75 2019 Matthijs de Ligt
21%
€64 2019 Christian Pulisic
14%
€65 2019 João Cancelo
14%
No matching quizzes found
Score Distribution
Percent of People with Each Score
Percentile by Number Answered
Your Score History
You have not taken this quiz